000
00238nam a22000857a 4500
999
_c
4492
_d
4492
008
161202b xxu||||| |||| 00| 0 eng d
020
_a
0030460867
100
_9
1784
_a
Huck C. S
245
_a
Children literature in the elementory school
260
_a
New york
_b
oxford
_c
1979